| 000 | 00648nam a2200181Ia 4500 | ||
|---|---|---|---|
| 008 | 100920s9999 xx 000 0 und d | ||
| 082 |
_b27484 _a410 थ 73 |
||
| 100 | _aजोशी ना.ब. | ||
| 245 | _aसाहित्य संशोधन-मंजिरी. | ||
| 260 |
_bनवसाहित्य प्रकाशन, बेळगांव. _c1973 |
||
| 300 |
_a232 _bसाधी |
||
| 365 | _b17.5 | ||
| 520 | _aभाषा. | ||
| 630 | _aसाहित्य संशोधन-मंजिरी. | ||
| 650 | _aभाषा. | ||
| 730 | _aसाहित्य संशोधन-मंजिरी. | ||
| 942 | _cBOOK | ||
| 999 |
_c684299 _d684296 |
||